| 000 | 00598nam a22001697a 4500 | ||
|---|---|---|---|
| 003 | 0 | ||
| 005 | 20250902083319.0 | ||
| 008 | 250902b xxu||||| |||| 00| 0 eng d | ||
| 020 | _a978-1-032-45623-2 | ||
| 050 |
_aHN 49.C6 _b.C66 2025 |
||
| 245 |
_aCommunity-led development in practice : _bwe power our own change / _cedited by Elene Cloete and Gunjan Veda. |
||
| 260 |
_aNew York, NY : _bRoutledge, _c2025. |
||
| 300 |
_axxviii, 322 pages : _billustrations ; _c24 cm. |
||
| 504 | _aIncludes bibliographical references and index. | ||
| 650 |
_aCommunity development _xCase studies. |
||
| 942 |
_2lcc _cBK |
||
| 999 |
_c367737 _d367737 |
||